Химический состав почвы и растительности крупного нефтехимического комплекса города Тобольска; Перспективы развития фундаментальных наук; Т. 2 : Химия

Bibliografiska uppgifter
Parent link:Перспективы развития фундаментальных наук=Prospects of Fundamental Sciences Development: сборник научных трудов XV Международной конференции студентов, аспирантов и молодых ученых, г. Томск, 24-27 апреля 2018 г./ Национальный исследовательский Томский политехнический университет (ТПУ) ; под ред. И. А. Курзиной, Г. А. Вороновой.— , 2018
Т. 2 : Химия.— 2018.— [С. 315-317]
Huvudupphovsman: Токарева А. Ю.
Institutionell upphovsman: Тобольская комплексная научная станция УрО РАН
Övriga upphovsmän: Попова Е. И. (научный руководитель)
Sammanfattning:Заглавие с экрана
For the study, sites were selected that were located in the immediate vicinity of the construction site of a large petrochemical complex. The chemical composition of the total phytomass of monitoring sites was determined. The accumulation range, the most accumulated heavy metals and trace elements, varied within the limits: Zn (0,88-5,45); Cd (0.10-0.13); Co (0.20-0.18); Pb (0.42-0.52); Cr (0.14-1.48); Ni (1.72-5.19) mg / kg. The biogenic and salt compositions of the soil were studied. It was revealed that the soils of the plots are nonsaline, slightly acidic, biogenic elements are concentrated in the upper horizons.
Språk:ryska
Publicerad: 2018
Ämnen:
Länkar:http://earchive.tpu.ru/handle/11683/50806
Materialtyp: MixedMaterials Elektronisk Bokavsnitt
KOHA link:https://koha.lib.tpu.ru/cgi-bin/koha/opac-detail.pl?biblionumber=627579

MARC

LEADER 00000naa2a2200000 4500
001 627579
005 20231101133452.0
035 |a (RuTPU)RU\TPU\conf\27487 
035 |a RU\TPU\conf\27482 
090 |a 627579 
100 |a 20180913d2018 k y0rusy50 ca 
101 0 |a rus  |d eng 
102 |a RU 
105 |a y z 100zy 
135 |a drgn ---uucaa 
181 0 |a i  
182 0 |a b 
200 1 |a Химический состав почвы и растительности крупного нефтехимического комплекса города Тобольска  |d Chemical composition of soil and vegetation of large petrochemical complex of Tobolsk  |f А. Ю. Токарева, Е. И. Попова  |g науч. рук. Е. И. Попова 
203 |a Текст  |c электронный 
230 |a 1 компьютерный файл (pdf; 183 Kb) 
300 |a Заглавие с экрана 
320 |a [Библиогр.: с. 317 (5 назв.)] 
330 |a For the study, sites were selected that were located in the immediate vicinity of the construction site of a large petrochemical complex. The chemical composition of the total phytomass of monitoring sites was determined. The accumulation range, the most accumulated heavy metals and trace elements, varied within the limits: Zn (0,88-5,45); Cd (0.10-0.13); Co (0.20-0.18); Pb (0.42-0.52); Cr (0.14-1.48); Ni (1.72-5.19) mg / kg. The biogenic and salt compositions of the soil were studied. It was revealed that the soils of the plots are nonsaline, slightly acidic, biogenic elements are concentrated in the upper horizons. 
461 1 |0 (RuTPU)RU\TPU\conf\26928  |t Перспективы развития фундаментальных наук  |l Prospects of Fundamental Sciences Development  |o сборник научных трудов XV Международной конференции студентов, аспирантов и молодых ученых, г. Томск, 24-27 апреля 2018 г.  |o в 7 т.  |f Национальный исследовательский Томский политехнический университет (ТПУ) ; под ред. И. А. Курзиной, Г. А. Вороновой  |d 2018 
463 1 |0 (RuTPU)RU\TPU\conf\26930  |t Т. 2 : Химия  |v [С. 315-317]  |d 2018 
510 1 |a Chemical composition of soil and vegetation of large petrochemical complex of Tobolsk  |z eng 
610 1 |a электронный ресурс 
610 1 |a химический состав 
610 1 |a почвы 
610 1 |a растительность 
610 1 |a нефтехимический комплекс 
610 1 |a Тобольск 
610 1 |a фитоценоз 
610 1 |a антропогенные воздействия 
700 1 |a Токарева  |b А. Ю. 
701 1 |a Попова  |b Е. И. 
702 1 |a Попова  |b Е. И.  |4 727 
712 0 2 |a Тобольская комплексная научная станция УрО РАН 
801 2 |a RU  |b 63413507  |c 20181005  |g RCR 
856 4 |u http://earchive.tpu.ru/handle/11683/50806 
942 |c BK